Normal view
MARC view
- واينبرنر،سوزان مؤلف/الشخص،عبدالعزيز السيد م.مشارك/السرطاوي،زيد أحمد م.مشارك/الراميني،فواز فتح الله مراجع
Entry Personal Name
001 - CONTROL NUMBER
- control field: 23264
003 - CONTROL NUMBER IDENTIFIER
- control field: JO-AjAnu
005 - DATE AND TIME OF LATEST TRANSACTION
- control field: 20230606074013.0
008 - FIXED-LENGTH DATA ELEMENTS
- fixed length control field: 230606|| aca||aabn | a|a d
040 ## - CATALOGING SOURCE
- Original cataloging agency: JO-AjAnu
- Transcribing agency: JO-AjAnu
100 ## - HEADING--PERSONAL NAME
- Personal name: واينبرنر،سوزان مؤلف/الشخص،عبدالعزيز السيد م.مشارك/السرطاوي،زيد أحمد م.مشارك/الراميني،فواز فتح الله مراجع
670 ## - SOURCE DATA FOUND
- Source citation: Work cat.: (JO-AjAnu)11956: واينبرنر،سوزان مؤلف/الشخص،عبدالعزيز السيد م.مشارك/السرطاوي،زيد أحمد م.مشارك/الراميني،فواز فتح الله مراجع, author, تربية الأطفال:المتفوقين والموهوبين في المدارس العادية،إستراتيجيات ونماذج تطبيقية